[Event "Hradec Kralove op"]
[Site "Hradec Kralove"]
[Date "2012.05.14"]
[Round "3"]
[White "Svec, Ludek"]
[Black "Prachar, Josef"]
[Result "0-1"]
[WhiteElo "1752"]
[BlackElo "1922"]
[PlyCount "96"]
[EventDate "2012.05.12"]
[EventType "swiss"]
[EventRounds "9"]
[EventCountry "CZE"]
[SourceTitle "OM OTB B 201907"]
[Source "Opening Master"]
[SourceDate "2019.07.06"]
[SourceVersion "2"]
[SourceVersionDate "2019.07.06"]
[SourceQuality "1"]

1. e4 c5 2. Nf3 Nc6 3. d4 cxd4 4. Nxd4 Nf6 5. Nc3 d6 6. Be2 e5 7. Ndb5 a6 8.
Na3 Be6 9. Bg5 Be7 10. Bxf6 Bxf6 11. Nd5 Bg5 12. c3 O-O 13. O-O Kh8 14. Bf3 Ne7
15. Nxe7 Qxe7 16. Qd3 Rad8 17. Nc4 f5 18. Ne3 d5 19. exd5 e4 20. Qc4 Bg8 21.
Bd1 f4 22. Nc2 Rxd5 23. Qb4 Re8 24. Qxe7 Bxe7 25. Nd4 Bf6 26. Bb3 Rg5 27. Ne2
f3 28. Ng3 fxg2 29. Rfe1 Rge5 30. Kxg2 h5 31. Bxg8 Kxg8 32. Re2 h4 33. Nf1 Rg5+
34. Kh3 Rg1 35. Rae1 g5 36. f3 Kf7 37. Nd2 exf3 38. Rxg1 fxe2 39. Nf3 Re3 40.
Kg4 Kg6 41. Ne1 Re4+ 42. Kf3 Kf5 43. h3 Be5 44. Nd3 Bg3 45. Ne1 Bf4 46. Nc2 Bd2
47. Ne1 Re3+ 48. Kf2 Rxh3 0-1

[Event "FICS rated standard game"]
[Site "FICS freechess.org"]
[Date "2012.05.12"]
[Round "?"]
[White "Credit"]
[Black "cavn"]
[Result "1-0"]
[WhiteElo "2144"]
[BlackElo "2010"]
[PlyCount "51"]
[EventDate "2012.??.??"]

1. e4 c5 2. Nf3 Nc6 3. d4 cxd4 4. Nxd4 Nf6 5. Nc3 d6 6. Be2 e5 7. Nb3 Be7 8.
O-O Be6 9. Bg5 Nxe4 10. Nxe4 Bxg5 11. Nxd6+ Ke7 12. Nxb7 Qc7 13. N7c5 Rhd8 14.
Nxe6 Kxe6 15. Bd3 f5 16. Qh5 e4 17. Bc4+ Kf6 18. f4 exf3 19. Rae1 Ne5 20. Rxe5
Kxe5 21. Re1+ Kd6 22. Qxg5 Re8 23. Qf4+ Kc6 24. Bd5+ Kb6 25. Qb4+ Ka6 26. Bc4+
1-0

[Event "Frankfurt-chA"]
[Site "Frankfurt"]
[Date "2012.05.08"]
[Round "2"]
[White "Busic, Nedjeljko"]
[Black "Brueggemann, Ludger"]
[Result "0-1"]
[WhiteElo "1883"]
[BlackElo "2190"]
[PlyCount "76"]
[EventDate "2012.04.30"]
[EventType "swiss"]
[EventRounds "7"]
[EventCountry "GER"]
[SourceTitle "OM OTB B 201907"]
[Source "Opening Master"]
[SourceDate "2019.07.06"]
[SourceVersion "2"]
[SourceVersionDate "2019.07.06"]
[SourceQuality "1"]

1. e4 c5 2. Nf3 Nc6 3. Nc3 d6 4. d4 cxd4 5. Nxd4 Nf6 6. Be2 e5 7. Nf3 h6 8. O-O
Be7 9. a3 Be6 10. Bb5 O-O 11. Qe2 Qc7 12. Rd1 a6 13. Bxc6 bxc6 14. b3 Qc8 15.
Na4 Rb8 16. Rd3 Nh7 17. Bb2 f5 18. Rc3 fxe4 19. Qxe4 Bd5 20. Qg6 Bxf3 21. Rxf3
Rxf3 22. gxf3 Ng5 23. Qh5 Qf5 24. Kg2 Rf8 25. Qg4 Qxc2 26. Rc1 Qxb3 27. Rxc6
Rf4 28. Qc8+ Kh7 29. Nc3 Qxb2 30. Nd5 Rf8 31. Qxa6 Rxf3 32. Qa7 Bf8 33. h4 Rf7
34. Qe3 Ne6 35. Qe4+ Kg8 36. Rc2 Qxa3 37. Qg6 Qf3+ 38. Kg1 Qxd5 0-1

[Event "FICS rated standard game"]
[Site "FICS freechess.org"]
[Date "2012.05.08"]
[Round "?"]
[White "Proles"]
[Black "GriffySr"]
[Result "1-0"]
[WhiteElo "2162"]
[BlackElo "2060"]
[PlyCount "125"]
[EventDate "2012.??.??"]

1. e4 c5 2. Nf3 Nc6 3. d4 cxd4 4. Nxd4 Nf6 5. Nc3 d6 6. Be2 e5 7. Nf3 h6 8. h3
Be7 9. O-O O-O 10. Re1 Be6 11. b3 d5 12. exd5 Nxd5 13. Nxd5 Qxd5 14. Qxd5 Bxd5
15. c4 Be6 16. Bb2 e4 17. Nd4 Nxd4 18. Bxd4 Rfd8 19. Red1 Kh7 20. f3 Bf5 21.
fxe4 Bxe4 22. Bf3 Bxf3 23. gxf3 Kg6 24. Kf2 Bf6 25. Bxf6 Kxf6 26. Ke2 Rxd1 27.
Rxd1 Re8+ 28. Kf2 Re7 29. Rd6+ Kg5 30. Rd4 g6 31. c5 Kf5 32. b4 f6 33. a4 h5
34. b5 Rc7 35. Rd5+ Ke6 36. Rd6+ Ke5 37. b6 axb6 38. Rxb6 Rd7 39. Ke3 Kf5 40.
c6 bxc6 41. Rxc6 Re7+ 42. Kf2 Re5 43. Rb6 Rc5 44. Rb5 Re5 45. Rxe5+ Kxe5 46.
Ke3 Kd5 47. f4 h4 48. Kd3 Kc6 49. Kd4 Kb6 50. Kd5 Ka5 51. Ke6 f5 52. Kf6 Kb4
53. Kxg6 Kc4 54. Kxf5 Kd4 55. Kg4 Ke4 56. a5 Kd5 57. f5 Kd6 58. a6 Ke5 59. a7
Kf6 60. a8=Q Ke5 61. Qe8+ Kd6 62. Qe6+ Kc5 63. f6 1-0

[Event "FICS rated standard game"]
[Site "FICS freechess.org"]
[Date "2012.05.08"]
[Round "?"]
[White "Proles"]
[Black "GriffySr"]
[Result "1/2-1/2"]
[WhiteElo "2166"]
[BlackElo "2057"]
[PlyCount "75"]
[EventDate "2012.??.??"]

1. e4 c5 2. Nf3 Nc6 3. d4 cxd4 4. Nxd4 Nf6 5. Nc3 d6 6. Be2 e5 7. Nf3 h6 8. h3
Be7 9. O-O O-O 10. Re1 Be6 11. b3 d5 12. exd5 Nxd5 13. Nxd5 Qxd5 14. Qxd5 Bxd5
15. c4 Be6 16. Bb2 e4 17. Nd4 Nxd4 18. Bxd4 Rfd8 19. Red1 Kh7 20. f3 Bf5 21.
fxe4 Bxe4 22. Bf3 Bxf3 23. gxf3 Kg6 24. Kf2 Bf6 25. Bxf6 Kxf6 26. Ke2 Rxd1 27.
Rxd1 Re8+ 28. Kf2 Re7 29. Rd6+ Kg5 30. Rd4 g6 31. c5 Kf5 32. b4 f6 33. a4 h5
34. Rd5+ Ke6 35. Rd6+ Kf5 36. Rd5+ Kf4 37. Rd4+ Kf5 38. Rd5+ 1/2-1/2

[Event "FICS rated standard game"]
[Site "FICS freechess.org"]
[Date "2012.05.08"]
[Round "?"]
[White "Proles"]
[Black "GriffySr"]
[Result "0-1"]
[WhiteElo "2151"]
[BlackElo "2069"]
[PlyCount "102"]
[EventDate "2012.??.??"]

1. e4 c5 2. Nf3 Nc6 3. d4 cxd4 4. Nxd4 Nf6 5. Nc3 d6 6. Be2 e5 7. Nf3 h6 8. h3
Be7 9. O-O O-O 10. Re1 Be6 11. b3 d5 12. exd5 Nxd5 13. Nxd5 Qxd5 14. Qxd5 Bxd5
15. c4 Be6 16. Bb2 e4 17. Nd4 Nxd4 18. Bxd4 Rfd8 19. Red1 Kh7 20. f3 Bf5 21.
fxe4 Bxe4 22. Bf3 Bxf3 23. gxf3 Kg6 24. Kf2 Bf6 25. Bxf6 Kxf6 26. Ke2 Rxd1 27.
Rxd1 Re8+ 28. Kf2 Re7 29. Rd5 g6 30. c5 Ke6 31. Rd6+ Ke5 32. Ke3 Kf5+ 33. Kf2
f6 34. b4 h5 35. a4 g5 36. b5 Rc7 37. c6 bxc6 38. bxc6 Ke5 39. Rd7 Rxc6 40.
Rxa7 Kf4 41. a5 Rc2+ 42. Ke1 Ra2 43. a6 Kxf3 44. Ra8 g4 45. hxg4 hxg4 46. a7 g3
47. Rf8 Rxa7 48. Rxf6+ Kg2 49. Re6 Rh7 50. Ke2 Kh2 51. Rg6 g2 0-1

[Event "Budapest FS05 FM-A"]
[Site "Budapest"]
[Date "2012.05.06"]
[Round "2"]
[White "Jamalia, Natalia"]
[Black "Bodrogi, Laszlo"]
[Result "1-0"]
[WhiteElo "1932"]
[BlackElo "2012"]
[PlyCount "101"]
[EventDate "2012.05.05"]
[EventType "tourn"]
[EventRounds "11"]
[EventCountry "HUN"]
[SourceTitle "OM OTB B 201907"]
[Source "Opening Master"]
[SourceDate "2019.07.06"]
[SourceVersion "2"]
[SourceVersionDate "2019.07.06"]
[SourceQuality "1"]

1. e4 c5 2. Nf3 Nc6 3. d4 cxd4 4. Nxd4 Nf6 5. Nc3 d6 6. Be2 e5 7. Nb3 Be7 8.
O-O O-O 9. Kh1 a5 10. a4 Nb4 11. f4 Be6 12. Be3 Rc8 13. Rc1 Rxc3 14. bxc3 Na2
15. fxe5 Nxe4 16. Ra1 Naxc3 17. Qd3 dxe5 18. Qxd8 Rxd8 19. Bf3 Nd5 20. Bxe4
Nxe3 21. Rfe1 Bg5 22. Nc5 Bc8 23. Rab1 b6 24. Rxb6 f5 25. Bb7 Nxc2 26. Reb1
Bxb7 27. Nxb7 Ra8 28. Nd6 g6 29. Rb7 Nb4 30. Nf7 Bf6 31. Rc1 Nd5 32. Rd1 Ne7
33. Nxe5 Re8 34. Nd7 Bc3 35. g3 Kf7 36. Nb6 Ke6 37. Nc4 Rc8 38. Rd6+ Kf7 39.
Nb6 Rc5 40. Nd5 Rxd5 41. Rxd5 Ke6 42. Rd3 Bb4 43. Kg2 h5 44. Re3+ Kf6 45. Rb6+
Kf7 46. Ree6 Nd5 47. Rxg6 h4 48. Rbc6 hxg3 49. Rxg3 f4 50. Rg5 Ne3+ 51. Kf3 1-0

[Event "2012 PALARONG PAMBANSA CHESS TOURNAMENT"]
[Site "Lingayen, Pangasinan"]
[Date "2012.05.06"]
[Round "1.2"]
[White "Ibaoc, Keith Duval"]
[Black "Lagula, Mc Dominique"]
[Result "1/2-1/2"]
[WhiteElo "1779"]
[BlackElo "2044"]
[PlyCount "106"]
[EventDate "2012.05.06"]
[EventRounds "7"]
[EventCountry "PHI"]
[SourceTitle "OM OTB B 201907"]
[Source "Opening Master"]
[SourceDate "2019.07.06"]
[SourceVersion "2"]
[SourceVersionDate "2019.07.06"]
[SourceQuality "1"]

1. e4 c5 2. Nf3 d6 3. d4 cxd4 4. Nxd4 Nf6 5. Nc3 Nc6 6. Be2 e5 7. Nb3 Be7 8.
O-O a5 9. Be3 a4 10. Nd2 O-O 11. h3 Be6 12. Nc4 a3 13. b3 d5 14. exd5 Nxd5 15.
Nxd5 Qxd5 16. Qxd5 Bxd5 17. Nb6 Rad8 18. Nxd5 Rxd5 19. Bf3 Rd7 20. Bxc6 bxc6
21. Rfd1 Rfd8 22. Rxd7 Rxd7 23. Kf1 f5 24. Ke2 f4 25. Bd2 Kf7 26. Rd1 Ke6 27.
Bc1 Rxd1 28. Kxd1 Bb4 29. Ke2 Kd5 30. c3 Bd6 31. f3 e4 32. fxe4+ Kxe4 33. b4
Be5 34. c4 Kd4 35. b5 c5 36. Bxa3 Kxc4 37. b6 Kd5 38. b7 g5 39. Bb2 Bb8 40. Kf3
h5 41. Bf6 g4+ 42. hxg4 hxg4+ 43. Kxg4 Ke4 44. a4 c4 45. a5 Kd3 46. a6 c3 47.
Bxc3 Kxc3 48. a7 Bxa7 49. Kxf4 Kd4 50. g4 Kd5 51. Kf5 Kc6 52. g5 Kxb7 53. Ke4
Bc5 1/2-1/2

[Event "FICS rated standard game"]
[Site "FICS freechess.org"]
[Date "2012.05.02"]
[Round "?"]
[White "Proles"]
[Black "JuniorLurking"]
[Result "1/2-1/2"]
[WhiteElo "2156"]
[BlackElo "2000"]
[PlyCount "29"]
[EventDate "2012.??.??"]

1. e4 c5 2. Nf3 d6 3. d4 cxd4 4. Nxd4 Nf6 5. Nc3 Nc6 6. Be2 e5 7. Nf3 h6 8. O-O
Be7 9. h3 O-O 10. Re1 Be6 11. Bf1 Qa5 12. Bd2 Qd8 13. Bc1 Qa5 14. Bd2 Qd8 15.
Bc1 1/2-1/2

[Event "Bad Wiessee Seniors op"]
[Site "Bad Wiessee"]
[Date "2012.04.29"]
[Round "9"]
[White "Schneider, Johannes1"]
[Black "Lieber, Helmut"]
[Result "1/2-1/2"]
[WhiteElo "1906"]
[BlackElo "1758"]
[PlyCount "101"]
[EventDate "2012.04.21"]
[EventType "swiss"]
[EventRounds "9"]
[EventCountry "GER"]
[SourceTitle "OM OTB B 201907"]
[Source "Opening Master"]
[SourceDate "2019.07.06"]
[SourceVersion "2"]
[SourceVersionDate "2019.07.06"]
[SourceQuality "1"]

1. e4 c5 2. Nf3 Nc6 3. d4 cxd4 4. Nxd4 Nf6 5. Nc3 d6 6. Be2 e5 7. Nb3 Be7 8.
Bg5 h6 9. Bxf6 Bxf6 10. Nd5 Bg5 11. g3 Be6 12. h4 Be7 13. a3 O-O 14. Qd2 a5 15.
a4 f5 16. exf5 Bxf5 17. O-O-O Nb4 18. Nxb4 axb4 19. Qd5+ Kh8 20. Bb5 Qc7 21.
Rd2 Rfc8 22. Bd3 Bxd3 23. Qxd3 Rxa4 24. Qb5 Rca8 25. Kb1 Qc6 26. Rd5 Qc8 27.
Rhd1 R8a6 28. Qd3 Qa8 29. Kc1 Rc6 30. Kb1 Rca6 31. Kc1 Qc8 32. Kb1 Qg4 33. Qb5
Qc8 34. Qd3 Ra2 35. Qb5 R6a4 36. Qb6 e4 37. Rxd6 Bxd6 38. Rxd6 Kh7 39. Qd4 Qg4
40. Rd7 Ra6 41. f3 Qxg3 42. Qxe4+ Qg6 43. Qd4 Ra8 44. h5 Qg5 45. f4 Qg3 46. Re7
R2a6 47. Qe4+ Kh8 48. Re8+ Rxe8 49. Qxe8+ Kh7 50. Qe4+ Kg8 51. Qe8+ 1/2-1/2

[Event "Bad Wiessee Seniors op"]
[Site "Bad Wiessee"]
[Date "2012.04.29"]
[Round "9"]
[White "Winter, Bernd"]
[Black "Gebuhr, Guenter"]
[Result "1/2-1/2"]
[WhiteElo "1766"]
[BlackElo "1753"]
[PlyCount "73"]
[EventDate "2012.04.21"]
[EventType "swiss"]
[EventRounds "9"]
[EventCountry "GER"]
[SourceTitle "OM OTB B 201907"]
[Source "Opening Master"]
[SourceDate "2019.07.06"]
[SourceVersion "2"]
[SourceVersionDate "2019.07.06"]
[SourceQuality "1"]

1. e4 c5 2. Nf3 Nc6 3. d4 cxd4 4. Nxd4 Nf6 5. Nc3 d6 6. Be2 e5 7. Ndb5 a6 8.
Na3 b5 9. Nd5 Bb7 10. Bg5 Be7 11. Bxf6 Bxf6 12. c3 Bg5 13. O-O Ne7 14. Nxe7
Qxe7 15. Qd3 O-O 16. Nc2 d5 17. exd5 e4 18. Qd4 Bf6 19. d6 Qd7 20. Qb6 Bd8 21.
Qe3 Qxd6 22. Rad1 Qf6 23. Qg3 Be7 24. Ne3 Rfd8 25. Ng4 Qb6 26. Ne3 Bd6 27. Qh4
Be5 28. Ng4 Bd6 29. Ne3 Bc5 30. Qf4 Bd6 31. Qg5 h6 32. Qh4 Bc5 33. Qf4 Bd6 34.
Qg4 Bc5 35. Qf4 Qf6 36. Qxf6 gxf6 37. Ng4 1/2-1/2

[Event "Pretoria FM-B"]
[Site "Pretoria"]
[Date "2012.04.28"]
[Round "3"]
[White "Tapera, Uzeni"]
[Black "Ponelis, Albert A"]
[Result "1-0"]
[WhiteElo "1949"]
[BlackElo "1986"]
[PlyCount "45"]
[EventDate "2012.04.27"]
[EventType "tourn"]
[EventRounds "9"]
[EventCountry "RSA"]
[SourceTitle "OM OTB B 201907"]
[Source "Opening Master"]
[SourceDate "2019.07.06"]
[SourceVersion "2"]
[SourceVersionDate "2019.07.06"]
[SourceQuality "1"]

1. e4 c5 2. Nf3 Nc6 3. d4 cxd4 4. Nxd4 Nf6 5. Nc3 d6 6. Be2 e5 7. Nb3 Be7 8.
Be3 O-O 9. g4 Be6 10. g5 Nd7 11. Qd2 a5 12. h4 a4 13. Nc1 Qa5 14. a3 Nb6 15. b4
axb3 16. Nxb3 Bxb3 17. cxb3 d5 18. exd5 Bb4 19. Rc1 Bxc3 20. Rxc3 Nxd5 21. b4
Ncxb4 22. axb4 Qxb4 23. Rc1 1-0

[Event "OP-02170"]
[Site "LSS"]
[Date "2012.04.28"]
[Round "?"]
[White "Mot, Oleg"]
[Black "Khanas (Khan), Valeriy"]
[Result "0-1"]
[WhiteElo "900"]
[BlackElo "2085"]
[PlyCount "32"]
[EventDate "2012.04.24"]
[SourceTitle "LSS to Dec2020"]
[Source "LSS ed TH"]
[SourceDate "2021.01.12"]
[SourceVersion "3"]
[SourceVersionDate "2021.01.12"]
[SourceQuality "1"]

1. e4 c5 2. Nf3 d6 3. Be2 Nf6 4. Nc3 Nc6 5. d4 cxd4 6. Nxd4 e5 7. Nxc6 bxc6 8.
O-O Be7 9. f4 O-O 10. fxe5 dxe5 11. Bg5 Qb6+ 12. Kh1 Qxb2 13. Na4 Qa3 14. c4
Nxe4 15. Bxe7 Qxe7 16. Bf3 Rd8 0-1

[Event "Nis Medijana op"]
[Site "Nis"]
[Date "2012.04.27"]
[Round "1"]
[White "Zdravkovic, Dragan S"]
[Black "Milovanovic, Srboljub"]
[Result "0-1"]
[WhiteElo "1947"]
[BlackElo "2199"]
[PlyCount "66"]
[EventDate "2012.04.27"]
[EventType "swiss"]
[EventRounds "5"]
[EventCountry "SRB"]
[SourceTitle "OM OTB B 201907"]
[Source "Opening Master"]
[SourceDate "2019.07.06"]
[SourceVersion "2"]
[SourceVersionDate "2019.07.06"]
[SourceQuality "1"]

1. e4 c5 2. Nf3 Nc6 3. d4 cxd4 4. Nxd4 d6 5. Nc3 Nf6 6. Be2 e5 7. Nb3 Be7 8.
Be3 a5 9. a4 Nb4 10. O-O O-O 11. f4 exf4 12. Rxf4 d5 13. e5 Nd7 14. Bd4 Bg5 15.
Rf1 Re8 16. Bb5 Nc6 17. Nxd5 Ndxe5 18. Bb6 Qd6 19. Nc7 Be3+ 20. Kh1 Qxd1 21.
Raxd1 Bxb6 22. Nxe8 Bg4 23. Nf6+ gxf6 24. Rd6 f5 25. h3 Bh5 26. c3 Bg6 27. Nd4
Bc7 28. Bxc6 Bxd6 29. Bxb7 Rb8 30. Bd5 Rxb2 31. Nxf5 Bxf5 32. Rxf5 Rb1+ 33. Kh2
Nf3# 0-1

[Event "FICS rated standard game"]
[Site "FICS freechess.org"]
[Date "2012.04.25"]
[Round "?"]
[White "DarioGoossens"]
[Black "NightFury"]
[Result "1-0"]
[WhiteElo "2166"]
[BlackElo "2015"]
[PlyCount "69"]
[EventDate "2012.??.??"]

1. e4 c5 2. Nf3 d6 3. d4 cxd4 4. Nxd4 Nf6 5. Nc3 Nc6 6. Be2 e5 7. Nf3 h6 8. O-O
Be6 9. h3 Be7 10. Re1 O-O 11. Bf1 Rc8 12. Nd5 Bxd5 13. exd5 Nb4 14. c4 Qd7 15.
a3 Na6 16. b4 Rfe8 17. Bb2 Nc7 18. a4 a5 19. b5 b6 20. Rc1 Qd8 21. Bd3 g6 22.
Qd2 Kh7 23. Rcd1 Nd7 24. Bc2 Nc5 25. Ba3 Na8 26. Bc1 Bf8 27. h4 Bg7 28. h5 e4
29. hxg6+ fxg6 30. Nd4 Qh4 31. Ne6 Nxe6 32. Rxe4 Nf4 33. Rxf4 Qh5 34. g3 Re2
35. Bxg6+ 1-0

[Event "Ambalangoda Dhamso op 2nd"]
[Site "Ambalangoda"]
[Date "2012.04.23"]
[Round "9"]
[White "Abhishek, Das"]
[Black "Liyanage, NP."]
[Result "1-0"]
[WhiteElo "2271"]
[BlackElo "1905"]
[PlyCount "105"]
[EventDate "2012.04.19"]
[EventType "swiss"]
[EventRounds "9"]
[EventCountry "SRI"]
[SourceTitle "OM OTB B 201907"]
[Source "Opening Master"]
[SourceDate "2019.07.06"]
[SourceVersion "2"]
[SourceVersionDate "2019.07.06"]
[SourceQuality "1"]

1. e4 c5 2. Nf3 d6 3. d4 cxd4 4. Nxd4 Nf6 5. Nc3 Nc6 6. Be2 e5 7. Nf3 Be7 8.
O-O h6 9. Re1 Be6 10. Bf1 Rc8 11. Nd5 Bxd5 12. exd5 Nb8 13. c4 O-O 14. b4 b6
15. Qb3 Nbd7 16. h3 Ne8 17. Bb2 Kh8 18. Rac1 f5 19. Rc2 Bg5 20. Ba3 Bf6 21. Bb2
Rc7 22. Bc3 g5 23. g4 fxg4 24. hxg4 Bg7 25. Nh2 Ndf6 26. Bd3 h5 27. f3 hxg4 28.
fxg4 Ng8 29. Bd2 Nh6 30. Be4 Rcf7 31. Qh3 Qe7 32. Nf3 Rxf3 33. Bxf3 Qf6 34. Rf1
e4 35. Bxe4 Qd4+ 36. Qe3 Qxe3+ 37. Bxe3 Rxf1+ 38. Kxf1 Nxg4 39. Bxg5 Nef6 40.
Bf5 Bh6 41. Bxh6 Nxh6 42. Be6 Ne4 43. Ke2 Kg7 44. Kd3 Ng5 45. Rc3 Kf6 46. Ra3
Nxe6 47. dxe6 Kxe6 48. Rxa7 Ng4 49. Rb7 Ne5+ 50. Kd4 Nc6+ 51. Kc3 d5 52. Rxb6
d4+ 53. Kd3 1-0

[Event "RUS-ch U20 Girls"]
[Site "Sochi"]
[Date "2012.04.23"]
[Round "6"]
[White "Petrova, Olga"]
[Black "Savina, Anastasia"]
[Result "1/2-1/2"]
[WhiteElo "2250"]
[BlackElo "2325"]
[PlyCount "86"]
[EventDate "2012.04.18"]
[EventType "tourn"]
[EventRounds "9"]
[EventCountry "RUS"]
[EventCategory "1"]
[SourceTitle "OM OTB B 201907"]
[Source "Opening Master"]
[SourceDate "2019.07.06"]
[SourceVersion "2"]
[SourceVersionDate "2019.07.06"]
[SourceQuality "1"]

1. e4 c5 2. Nf3 Nc6 3. d4 cxd4 4. Nxd4 Nf6 5. Nc3 d6 6. Be2 e5 7. Nb3 Be7 8.
Be3 O-O 9. O-O a5 10. a4 Nb4 11. Kh1 b6 12. f4 Bb7 13. Bf3 Qc7 14. Qd2 Bc6 15.
Qf2 Qb7 16. Bxb6 Rfb8 17. fxe5 Qxb6 18. exf6 Bxf6 19. Nc1 Be5 20. Nd1 Qxf2 21.
Rxf2 Na6 22. Nd3 Nc5 23. Nxe5 dxe5 24. b3 Bxe4 25. Bxe4 Nxe4 26. Re2 f5 27. g4
g6 28. gxf5 gxf5 29. Ne3 Nd6 30. Rd1 Ra6 31. Rd5 Re8 32. Nc4 Nxc4 33. bxc4 Rae6
34. Rxa5 Kf7 35. Kg2 Kf6 36. Kf3 Rc8 37. c5 Rec6 38. c4 Rxc5 39. Ra6+ R8c6 40.
Rxc6+ Rxc6 41. Rc2 Rc5 42. Ke3 Ke6 43. Kd3 Ra5 1/2-1/2

[Event "CZE-chT2F 1112"]
[Site "Czechia"]
[Date "2012.04.22"]
[Round "11.38"]
[White "Didi, Jan"]
[Black "Kubik, Michael"]
[Result "1/2-1/2"]
[WhiteElo "2009"]
[BlackElo "1980"]
[PlyCount "93"]
[EventDate "2011.10.09"]
[EventType "team-tourn"]
[EventRounds "11"]
[EventCountry "CZE"]
[SourceTitle "OM OTB B 201907"]
[Source "Opening Master"]
[SourceDate "2019.07.06"]
[SourceVersion "2"]
[SourceVersionDate "2019.07.06"]
[SourceQuality "1"]

1. e4 c5 2. Nf3 Nc6 3. d4 cxd4 4. Nxd4 Nf6 5. Nc3 d6 6. Be2 e5 7. Nb3 Be7 8.
O-O O-O 9. Be3 a5 10. a4 Nb4 11. Nd5 Nfxd5 12. exd5 Bf5 13. Rc1 Bd7 14. c3 Na6
15. Ra1 Kh8 16. Kh1 b6 17. f4 Qc7 18. f5 Nc5 19. Nxc5 bxc5 20. c4 Rab8 21. b3
Bf6 22. Rb1 Qd8 23. Bd3 Bg5 24. Bg1 Qf6 25. Be4 Rb4 26. Bf2 Ra8 27. Be1 Rb7 28.
Rf3 Kg8 29. Bc3 Kf8 30. Qe1 Rba7 31. Bc2 h5 32. Qe4 Ke7 33. Rbf1 Rh8 34. Qe1
Rha8 35. Rh3 h4 36. Rhf3 Kf8 37. Qe4 Ke7 38. Rh3 Rh8 39. Kg1 Re8 40. Be1 Rh8
41. Bc3 Re8 42. Qe1 Rea8 43. Qf2 Rc7 44. Rd3 Rca7 45. Rdd1 Qh6 46. Rde1 Kf8 47.
Kh1 1/2-1/2

[Event "POL-chT3 Kujawsko Pomorskie 1112"]
[Site "Poland"]
[Date "2012.04.22"]
[Round "11.7"]
[White "Nowacki, Krzysztof"]
[Black "Grylewicz, Bernard"]
[Result "1-0"]
[WhiteElo "1823"]
[BlackElo "1826"]
[PlyCount "49"]
[EventDate "2011.11.06"]
[EventType "team-tourn"]
[EventRounds "11"]
[EventCountry "POL"]
[SourceTitle "OM OTB B 201907"]
[Source "Opening Master"]
[SourceDate "2019.07.06"]
[SourceVersion "2"]
[SourceVersionDate "2019.07.06"]
[SourceQuality "1"]

1. e4 c5 2. Nf3 Nc6 3. d4 cxd4 4. Nxd4 Nf6 5. Nc3 d6 6. Be2 e5 7. Nb3 Be7 8.
Be3 a5 9. O-O a4 10. Nd2 d5 11. exd5 Nxd5 12. Nxd5 Qxd5 13. Bc4 Qd6 14. Qf3 O-O
15. c3 Qg6 16. Bd5 Bg4 17. Qg3 Bf5 18. Qxg6 hxg6 19. Nc4 Bd3 20. Rfd1 Bxc4 21.
Bxc4 Na5 22. Bb5 a3 23. b4 Nc6 24. Rd7 Bxb4 25. cxb4 1-0

[Event "Belgrade tt Cup"]
[Site "Belgrade"]
[Date "2012.04.20"]
[Round "3.7"]
[White "Gemovic, Marko"]
[Black "Stojkovic, Borivoje"]
[Result "1/2-1/2"]
[WhiteElo "1599"]
[BlackElo "2047"]
[PlyCount "49"]
[EventDate "2012.04.18"]
[EventType "team-swiss"]
[EventRounds "5"]
[EventCountry "SRB"]
[SourceTitle "OM OTB B 201907"]
[Source "Opening Master"]
[SourceDate "2019.07.06"]
[SourceVersion "2"]
[SourceVersionDate "2019.07.06"]
[SourceQuality "1"]

1. d4 c5 2. Nf3 cxd4 3. Nxd4 Nc6 4. e4 Nf6 5. Nc3 d6 6. Be2 e5 7. Nb3 Be7 8.
Be3 O-O 9. O-O Be6 10. f4 exf4 11. Bxf4 d5 12. exd5 Nxd5 13. Nxd5 Qxd5 14. Bf3
Qc4 15. Be2 Qa4 16. c3 Rad8 17. Nd4 Qxd1 18. Rfxd1 Bc5 19. Be3 Rfe8 20. Kf2 h6
21. Nxe6 Bxe3+ 22. Kxe3 Rxe6+ 23. Kf2 Rdd6 24. Rxd6 Rxd6 25. Rd1 1/2-1/2

[Event "6. LSS Anni P-00034"]
[Site "LSS"]
[Date "2012.04.20"]
[Round "?"]
[White "Nicolaescu, Nicolae"]
[Black "Gomgar, Joquin"]
[Result "1/2-1/2"]
[WhiteElo "1540"]
[BlackElo "2170"]
[PlyCount "107"]
[EventDate "2012.04.22"]
[SourceTitle "LSS to Dec2020"]
[Source "LSS ed TH"]
[SourceDate "2021.01.12"]
[SourceVersion "3"]
[SourceVersionDate "2021.01.12"]
[SourceQuality "1"]

1. e4 c5 2. Nf3 Nc6 3. d4 cxd4 4. Nxd4 Nf6 5. Nc3 d6 6. Be2 e5 7. Nb3 Be7 8.
O-O O-O 9. Be3 Be6 10. f4 exf4 11. Bxf4 d5 12. exd5 Nxd5 13. Nxd5 Bxd5 14. c3
Qb6+ 15. Kh1 Rad8 16. Qc2 Bf6 17. Bd3 g6 18. Rae1 Rfe8 19. Bg3 Bg7 20. Bh4 Ra8
21. Be4 Bc4 22. Bd3 Qb5 23. Bxc4 Qxc4 24. Bg3 Re7 25. Qf2 Rae8 26. h3 h5 27.
Bd6 Rxe1 28. Rxe1 Rxe1+ 29. Qxe1 Kh7 30. Qf2 a5 31. Nc1 Bh6 32. b3 Qe6 33. Ba3
Bg7 34. c4 Qe4 35. Bc5 Qb1 36. Be3 Kg8 37. Qd2 Bb2 38. Bg5 Bxc1 39. Qxc1 Qxa2
40. Qc3 Qb1+ 41. Kh2 Qe4 42. Bf6 Qf4+ 43. Kg1 Kf8 44. Kh1 Qf1+ 45. Kh2 Qf2 46.
Kh1 Ke8 47. Be5 Ke7 48. Bc7 Ke6 49. Kh2 Kd7 50. Bg3 Qd4 51. Qf3 Ke8 52. Bf2
Qd6+ 53. Bg3 Qe7 54. Qd5 1/2-1/2

[Event "6. LSS Anni P-00030"]
[Site "LSS"]
[Date "2012.04.20"]
[Round "?"]
[White "Werner, Guenter"]
[Black "Zivotic, Aleksandar"]
[Result "0-1"]
[WhiteElo "1545"]
[BlackElo "1949"]
[PlyCount "78"]
[EventDate "2012.04.22"]
[SourceTitle "LSS to Dec2020"]
[Source "LSS ed TH"]
[SourceDate "2021.01.12"]
[SourceVersion "3"]
[SourceVersionDate "2021.01.12"]
[SourceQuality "1"]

1. e4 c5 2. Nf3 d6 3. Nc3 Nc6 4. d4 cxd4 5. Nxd4 Nf6 6. Be2 e5 7. Nb3 Be6 8.
O-O Be7 9. Bf3 O-O 10. Be3 Na5 11. Nxa5 Qxa5 12. a3 Rac8 13. Qd2 b6 14. b4 Qa6
15. Be2 Qb7 16. f3 Rc7 17. Nb5 Rc6 18. Rac1 Rfc8 19. c4 a6 20. Nc3 Bxc4 21.
Bxc4 Rxc4 22. Bg5 h6 23. Bxf6 Bxf6 24. Nd5 Bg5 25. f4 exf4 26. Rxc4 Rxc4 27.
Qd3 b5 28. Nxf4 Bxf4 29. Rxf4 Qb6+ 30. Kh1 Rc1+ 31. Rf1 Rxf1+ 32. Qxf1 Qe3 33.
Qb1 Qxa3 34. h3 a5 35. bxa5 Qxa5 36. Qd3 Qa1+ 37. Kh2 Qe5+ 38. Kg1 b4 39. g3
Qc3 0-1